| 000 | 00566nam a2200169 4500 | ||
|---|---|---|---|
| 001 | 132726 | ||
| 003 | ES-MaACL | ||
| 005 | 20230906194233.0 | ||
| 007 | t| | ||
| 008 | 070214n19401949cu r ||||1| spa d | ||
| 100 | 1 |
_aRos, Arturo R. _999568 |
|
| 245 | 1 | 0 |
_aManual de terapéutica clínica / _cpor Arturo R. Ros ; con la colaboración especial de Aquilino Estrada Méndez. |
| 260 |
_aLa Habana : _bEd. Cultural, _c[194_?] |
||
| 300 |
_aXIV, 320 p., 8 lám. : _bil. ; _c24 cm. |
||
| 700 | 1 |
_aEstrada Méndez, Aquilino. _948223 |
|
| 852 |
_aES-MaACL _jE-1544 _bR.28972 |
||
| 999 |
_c132726 _d132726 |
||